|
|
|
|
| LEADER |
00000nam a2200000 a 4500 |
| 001 |
vtls001225473 |
| 003 |
SK-MaSNL |
| 005 |
20260301154652.0 |
| 008 |
160308s1996 xo p r y 0 slo |
| 015 |
|
|
|a SNBA1997/0400936
|
| 020 |
|
|
|a 8085172879
|
| 035 |
|
|
|a SNK000172468
|
| 040 |
|
|
|a SNK
|b slo
|c SNK
|e AACR2
|
| 041 |
0 |
|
|a slo
|
| 044 |
|
|
|a xo
|c SK
|
| 080 |
|
|
|a 371.27:54(041)
|2 1981
|
| 080 |
|
|
|a 54(041)
|2 1981
|
| 111 |
1 |
|
|a Chemická olympiáda
|n (33. :
|d 1996-1997)
|4 aut
|9 110105
|
| 245 |
1 |
|
|a Chemická olympiáda, 33. ročník 1996-1997, školské kolo v kategórii E a F
|b riešenie úloh študijnej a praktickej časti školského kola
|c [autori: I. Ondrejkovičová ... [et al.]]
|
| 260 |
|
|
|a Bratislava
|b Iuventa
|c [1996]
|
| 300 |
|
|
|a 30 s.
|b Tab.
|c 21 cm
|
| 500 |
|
|
|a Údaj o aut. prevzatý z tiráže
|
| 500 |
|
|
|a 100 výt.
|
| 650 |
0 |
7 |
|a olympiády chemické
|x školy stredné
|y šk. r. 1996-1997
|x úlohy
|2 SNK
|9 284162
|
| 655 |
|
7 |
|a príručky
|2 SNK
|9 74364
|
| 700 |
1 |
|
|a Ondrejkovičová, Iveta,
|d 1951-
|4 aut
|9 207138
|
| 919 |
|
|
|a 80-85172-87-9
|
| 958 |
|
|
|a TL
|
| 958 |
|
|
|a OND
|
| 999 |
|
|
|c 797648
|d 799578
|
| 952 |
|
|
|t P60, <09>, [BOOK], {629}
|a SNK
|b SNK
|y NEVYP
|7 0
|o snkC 107
|i snk239/970124
|0 0
|1 0
|4 0
|d 1997-01-24
|l 0
|r 2005-01-01 00:00:00
|w 2026-02-24
|
| 952 |
|
|
|t P60, <03>, [BOOK], {603}
|a SNK
|b SNK
|y PREZ
|7 0
|p 17A0033367
|o snkSC 92088
|i snkKSP 656/97
|0 0
|1 0
|4 0
|d 1997-01-24
|f 1
|l 0
|r 2025-09-10 00:00:00
|w 2026-02-24
|
| 952 |
|
|
|t P60, <04>, [BOOK], {604}
|a SNK
|b SNK
|y VYP
|7 0
|p 17A0033366
|o snkSC 92088 D1
|i snkKSP 657/97
|0 0
|1 0
|4 0
|d 1997-01-24
|l 0
|r 2005-01-01 00:00:00
|w 2026-02-24
|